Indonesian Vice Presidents - Statistics

General Stats
  • This quiz has been taken 52 times
    34 since last reset
  • The average score is 11 of 14
Answer Stats
Term President Vice President % Correct
1945 - 1956 Sukarno Mohammad Hatta
100%
1998 Suharto B. J. Habibie
93%
2004 - 2009 Susilo Bambang Yudhoyono Jusuf Kalla
90%
2014 - 2019 Joko Widodo Jusuf Kalla
90%
2024 - Present Prabowo Subianto Gibran Rakabuming Raka
87%
2019 - 2024 Joko Widodo Ma'ruf Amin
87%
1993 - 1998 Suharto Try Sutrisno
77%
1978 - 1983 Suharto Adam Malik
70%
1973 - 1978 Suharto Hamengkubuwono IX
70%
1988 - 1993 Suharto Sudharmono
70%
2009 - 2014 Susilo Bambang Yudhoyono Boediono
67%
2001 - 2004 Megawati Sukarnoputri Hamzah Haz
67%
1999 - 2001 Abdurrahman Wahid Megawati Sukarnoputri
63%
1983 - 1988 Suharto Umar Wirahadikusumah
57%
No matching quizzes found
Score Distribution
Percent of People with Each Score
Percentile by Number Answered
Your Score History
You have not taken this quiz since the last reset